000 00810nam a22003010a 4500
001 PT57408
003 AR-LpoUNG
005 20210131231813.0
008 191001s2013||||ag |||||||||||||||||spa d
020 _a9789875040977
_c$10,50
040 _aAR-LpoUNG
_bspa
_cAR-LpoUNG
_eaacr
041 _aspa
044 _aag
082 0 _a808.068 3 182abu
100 1 _aFalconi, María Inés
245 1 0 _aA mi abuela no le gusta mi gato
250 _a1ra. ed.
260 _aBuenos Aires :
_bQuipu,
_c2013.
300 _a[48] p. :
_bil.
505 0 _aSugerido a partir de 8 años (etiqueta CELESTE)
650 4 _aCUENTOS
650 4 _aLITERATURA
651 4 _aDOCUMENTOS TEORICOS O METODOLOGICOS
653 _aLITERATURA INFANTIL
700 1 _aLavezzi, María
_eil.
905 _a57408
942 _cLIB
999 _c12043
_d12043